Most Premier League Assists (2018) Quiz Stats

 Plays Quiz Updated Apr 17, 2019

Support Sporcle.
Go Orange.
Score 0/43 Timer 08:00
2 Plays Today
Assists Player % Correct
12Mohamed Salah
93.3%
13Raheem Sterling
90.6%
5David Silva
87.5%
11Eden Hazard
87.4%
6Bernardo Silva
86.8%
14Leroy Sané
86.3%
7Kevin De Bruyne
85.1%
12Christian Eriksen
84.7%
11Paul Pogba
82.9%
7Sergio Agüero
82.3%
6Roberto Firmino
78%
6Riyad Mahrez
75.5%
7Son Heung-min
73.7%
5Dele Alli
72.1%
6Alexandre Lacazette
69%
6Marcus Rashford
63.6%
7Pierre-Emerick Aubameyang
62.3%
5Alexis Sánchez
60.9%
11Ryan Fraser
60.8%
8Aaron Ramsey
59.4%
7Andrew Robertson
57%
5Olivier Giroud
53.8%
Assists Player % Correct
7Callum Wilson
53.4%
5Theo Walcott
46.7%
8Marko Arnautovic
44.1%
5Henrikh Mkhitaryan
44%
5Willian
43.2%
5Salomón Rondón
38.4%
5Granit Xhaka
35.5%
7Alex Iwobi
34.4%
6Héctor Bellerín
31.2%
5Benjamin Mendy
29.1%
6Andros Townsend
28.5%
8Abdoulaye Doucouré
26.4%
5Ayoze Pérez
25.9%
5Chris Brunt
14.2%
6Jose Holebas
13.6%
7Jóhann Berg Guðmundsson
12%
5Alex Oxlade-Chamberlain
11.3%
5Solly March
7.8%
6Kelechi Iheanacho
5.9%
5Cédric Soares
3.5%
5Kyle Walker-Peters
2.9%

You're not logged in!

Compare scores with friends on all Sporcle quizzes.
OR
Log In

From the Vault

Find the Antarctic-Claiming Countries

by geronimostilton

Countries might claim Antarctica, but we all know the penguins are the ones really running things down there.
Remove Ads.
Support Sporcle.
Get the best of Sporcle when you Go Orange. This ad-free experience offers more features, more stats, and more fun while also helping to support Sporcle. Thank you for becoming a member.

Show Comments

Extras

Top Quizzes Today


Score Distribution

Your Account Isn't Verified!

In order to create a playlist on Sporcle, you need to verify the email address you used during registration. Go to your Sporcle Settings to finish the process.

Report this User

Report this user for behavior that violates our Community Guidelines.

Details: